| Registos Bibliográficos associados ao registo de autoridade |
|
Etiqueta de registo: 00562cam 2200169 450 001 877891 003 http://id.bnportugal.gov.pt/bib/catbnp/877891 005 19990329093000.0 100 ## $a19990329d1896 m a0pory01030103ba 101 0# $apor 102 ## $aIN 106 ## $ar 200 1# $a O Infante D. Augusto em Goa$eDezembro de 1871 a Março de 1872$ecarta ao redactor do "Conimbricense"$fpor J. A. Ismael Gracias 210 #9 $aNova Goa$cImprensa Nacional,$d1896 215 ## $a15 p.$d25 cm 316 ## $aExemplar encadernado em miscelânea.$5PTBN: O.C. 170//5 317 ## $aCol. Opúsculos Coloniais, de Ernesto de Vilhena, adquirida em 1998$5PTBN: O.C. 170//5 532 12 $a O Infante Dom Augusto em Goa 600 #0 $aBragança,$bAugusto de,$f1847-1889$2SIPOR$31843306 606 ## $aCampanhas militares portuguesas$yGoa (Índia)$2SIPOR$31843312 700 #1 $aGracias,$bJosé António Ismael,$f1857-1919$338930 702 #1 $aVilhena,$bErnesto Jardim de,$f1876-1967$4390$3118726 801 #0 $aPT$bBN$gRPC 966 ## $lBN$mFGMON$sH.G. 5354//4 A. $x3 966 ## $lBN$mFGMON$sO.C. 170//5 997 ## $aBIBEOD
Etiqueta de registo: 00254nbm 2200025 450 001 2288284 003 http://id.bnportugal.gov.pt/bib/catbnp/2288284 100 ## $a20260618j18781107k y0pory01030103ba 101 0# $aporeng 102 ## $aPTFR 105 ## $ay z 000yy 106 ## $ah 200 1# $a [ Carta de João de Melo para Fontes Pereira de Melo, transmitindo as ordens do Infante
D. Augusto, para "attender na sua pretenção o portador d'esta que é o Cap[it]am de
Cav[alaria] 5, Antonio Eugenio de Mendonça"] 210 #1 $aNecessidades (Lisboa),$d7/11/[18]78 215 ## $a[2] f.$d19 cm 300 ## $aOriginal autógrafo assinado 317 ## $aAdquirido em Março de 2004 (Leilão Pedro de Azevedo) 321 1# $aMónica, Maria Filomena - Fontes Pereira de Melo : uma biografia. 3a ed., rev. e aum.
Lisboa : Alêtheia, 2009 702 #0 $aBragança,$bAugusto de,$f1847-1889$4060$31843306 702 #1 $aMelo,$bFontes Pereira de,$f1819-1887$4660$3118100 801 #0 $aPT$bBN$gRPC 966 ## $lBN$mRESARQ$sFPM-Cx. 01, n. 22$x2 971 ## $cipires$d20260618
Etiqueta de registo: 00254nbm 2200025 450 001 2288411 003 http://id.bnportugal.gov.pt/bib/catbnp/2288411 100 ## $a20260619j18671110k y0pory01030103ba 101 0# $aporeng 102 ## $aPTFR 105 ## $ay z 000yy 106 ## $ah 200 1# $a [ Carta de Manuel de Sousa Coutinho para Fontes Pereira de Melo transmitindo as ordens
do Infante D. Augusto relativas ao "requerimento do afilhado [e] recomenda m[ui]to
e m[ui]to á solicitude [do destinatário] para o bom resultado deste negocio"] 210 #1 $aReal Paço das Necessidades (Lisboa),$d10 de Novembro 1867 215 ## $a[2] f.$d21 cm 300 ## $aOriginal autógrafo assinado 307 ## $aFalta de suporte 317 ## $aAdquirido em Março de 2004 (Leilão Pedro de Azevedo) 321 1# $aMónica, Maria Filomena - Fontes Pereira de Melo : uma biografia. 3a ed., rev. e aum.
Lisboa : Alêtheia, 2009 700 #1 $aCoutinho,$bManuel de Sousa,$f18--$32001167 702 #0 $aBragança,$bAugusto de,$f1847-1889$4060$31843306 702 #1 $aMelo,$bFontes Pereira de,$f1819-1887$4660$3118100 801 #0 $aPT$bBN$gRPC 966 ## $lBN$mRESARQ$sFPM-Cx. 01, n. 23$x2 971 ## $cipires$d20260619
|
|
|